Yes in different languages - Sudden Death - Statistics

General Stats
  • This quiz has been taken 104 times
    101 since last reset
  • The average score is 5 of 10
Answers on the Grid
Answers color-coded by a green-red scale on the quiz's grid according to % correct below.
Ano
Eins
Hesterno
Ja
Jak
Không
Oui
Pas
Yea
Да (Da)
Так (Tak)
Щи (Shchi)
نعم (Nim)
अगर (Agar)
ไม่ (Mai)
はい (Hai)
也 (Ye)
係 (Hai)
그래서 (Geuraeseo)
 
Answer Stats
Answer % Correct
Ja
90%
Oui
88%
81%
Да (Da)
56%
Yea
51%
はい (Hai)
40%
Так (Tak)
39%
係 (Hai)
34%
نعم (Nim)
18%
Ano
16%
No matching quizzes found
Score Distribution
Percent of People with Each Score
Percentile by Number Answered
Your Score History
You have not taken this quiz since the last reset